000 00978nam a2200229 a 4500
001 000012164
003 OSt
005 20240412074230.0
008 091106s1984 dr r 001 j spa d
040 _aDO-SdBNP
_bspa
_cBNPHU
082 4 _a863.44
_bD542u
_222
100 _aDíaz, Pircilio
_928665
245 1 4 _aUna manera extraña de morir y otros relatos /
_cPircilio Díaz.
260 _aSanto Domingo :
_bAlfa y Omega,
_c1984.
300 _a145 p. ;
_c21 cm.
505 0 _tUna manera extraña de morir --
_tLa danza nupcial de las hormigas --
_tAusente de la tierra --
_tEl viejo de los bigotes largos --
_tSuperstición --
_tLos secretos senderos de la lluvia --
_tLa rebelión de los ídolos --
_tPoco después de la lluvia --
_tCastidad --
_tNene y David --
_tCelenio --
_tLa casa deshabitada.
590 _aInventariado, 2020/BT
650 0 _aCuentos dominicanos
_9176
650 0 _aLiteratura dominicana.
_967
910 _aValidado. Control de calidad EMS
942 _2ddc
_cLBS1
999 _c11829
_d11829